00353pab a2200133 454500008004000000100001700040245005400057260000900111300001300120362001100133650002400144650001700168773003400185180718b2017 xxu||||| |||| 00| 0 eng d aYaqoob, Asma aIndia turning many tables for Indus Waters Treaty c2017 ap.33-36. a23 Sep aIndus Waters Treaty aWater supply aEconomic and Political Weekly